Introduction to cryptography (Record no. 64)
[ view plain ]
| 000 -LEADER | |
|---|---|
| fixed length control field | 00492 a2200169 4500 |
| 001 - CONTROL NUMBER | |
| control field | 002292 |
| 003 - CONTROL NUMBER IDENTIFIER | |
| control field | OSt |
| 005 - DATE AND TIME OF LATEST TRANSACTION | |
| control field | 20220112165411.0 |
| 008 - FIXED-LENGTH DATA ELEMENTS--GENERAL INFORMATION | |
| fixed length control field | |
| 082 ## - DEWEY DECIMAL CLASSIFICATION NUMBER | |
| Classification number | 003.54 |
| Item number | B85I |
| 100 1# - MAIN ENTRY--PERSONAL NAME | |
| Personal name | Buchmann, Johannes |
| 245 1# - TITLE STATEMENT | |
| Title | Introduction to cryptography |
| Statement of responsibility, etc | by Johannes Buchmann |
| 260 ## - PUBLICATION, DISTRIBUTION, ETC. (IMPRINT) | |
| Place of publication, distribution, etc | New York |
| Name of publisher, distributor, etc | Springer |
| Date of publication, distribution, etc | 2009 |
| 300 ## - PHYSICAL DESCRIPTION | |
| Extent | 335p. |
| 653 ## - INDEX TERM--UNCONTROLLED | |
| Uncontrolled term | Coding theory; Cryptography; Mathematics; Number theory; Data structures (Computer science) |
| 942 ## - ADDED ENTRY ELEMENTS (KOHA) | |
| Source of classification or shelving scheme | Dewey Decimal Classification |
| Koha item type | Books |
| Withdrawn status | Lost status | Source of classification or shelving scheme | Damaged status | Not for loan | Collection code | Home library | Current library | Date acquired | Source of acquisition | Cost, normal purchase price | Total Checkouts | Full call number | Barcode | Date last seen | Date checked out | Price effective from | Koha item type |
|---|---|---|---|---|---|---|---|---|---|---|---|---|---|---|---|---|---|
| Dewey Decimal Classification | General Text Book | Central University Of Rajasthan | Central University Of Rajasthan | 28/09/2010 | MTH | 345.00 | 3 | 003.54 B85I | 2284 | 23/04/2026 | 23/04/2026 | 02/09/2020 | Books |
